| 000 | 00496nam a22001697a 4500 | ||
|---|---|---|---|
| 005 | 20251108165513.0 | ||
| 008 | 250721s1997 xx 000 0 ara d | ||
| 082 | 1 | 4 | _aم/811.9563/بدر |
| 100 | 1 | _aالسياب، بدر شاكر | |
| 245 | 1 | 0 | _aديوان بدر شاكر السياب / |
| 264 | 1 |
_aبيروت : _bدار العودة، _c1997. |
|
| 300 | _a2ج | ||
| 650 | 1 | 7 | _aالشعر الحديث |
| 650 | 1 | 7 | _aالعراقالشعر العربي |
| 942 |
_2ddc _cREF |
||
| 999 |
_c29460 _d29460 |
||